000 00600nam a2200169 a 4500
001 000030060
005 20240228184147.0
008 110428s1995 dr 000 0 spa d
040 _aDO-SdBNP
_bspa
_cBNPHU
082 _axxx
_bR426d
110 1 _aRepública Dominicana :
_bBanco Central de la República Dominicana
_942873
245 1 0 _aDominican economy results, challenges and perspectives /
_cHéctor Valdez Albizu.
260 _aSanto Domingo :
_bBanco Central de la República Dominicana,
_c1995.
300 _a15 p. ;
_c28 cm.
700 1 _aValdez Albizu, Héctor,
_d1947-
_912322
049 _aBNPD
999 _c29552
_d29552